Biblioteca

Pastores del siglo XXI : (Registro nro. 71376)

Detalles MARC
000 -LÍDER
Campo fijo de descripción fija 02182aam a2200421 i 4500
001 - NÚMERO DE CONTROL
Campo de control 768714001
003 - IDENTIFICADOR DEL NÚMERO DE CONTROL
Campo de control CO-MdFUSB
005 - FECHA Y HORA DE LA ULTIMA TRANSACCIÓN
control field 20250819154925.0
007 - CAMPO FIJO DE DESCRIPCIÓN FIJA--INFORMACIÓN GENERAL
Campo fijo de descripción fija cr aa aaaaa
008 - ELEMENTOS DE LONGITUD FIJA -- INFORMACIÓN GENERAL
Campo fijo de descripción fija -- Información general 190405t2018 sp ||| s|||| 00| 0 spa d
020 ## - NÚMERO INTERNACIONAL NORMALIZADO PARA LIBROS
Número Internacional Normalizado del libro 978-84-16845-83-5
Información adicional electrónico
040 ## - FUENTE DE CATALOGACIÓN
Agencia de catalogación original CO-MdFUSB
Idioma de catalogación spa
Agencia que realiza la transcripción CO-MdFUSB
Agencia que realiza la modificación CO-MdFUSBC
Convenciones de la descripción rda
041 ## - CÓDIGO DE IDIOMA
Código de idioma para texto/pista de sonido o título separado spa
082 ## - NÚMERO DE CLASIFICACIÓN DECIMAL DEWEY
Número de la edición del Dewey 23
Número de clasificación 253
100 ## - ASIENTO PRINCIPAL--NOMBRE PERSONAL
Nombre personal Baena, José María,
Término relacionador autor
245 10 - TÍTULO
Título del Material Pastores del siglo XXI :
Parte restante del título - Subtitulo un modelo pastoral para la iglesia actual
Mención de responsabilidad, etc. / José María Baena Acebal
Medio físico [electrónico]
264 #1 - PRODUCCIÓN, PUBLICACIÓN, DISTRIBUCIÓN, MANUFACTURA, Y COPYRIGHT
Lugar de producción, publicación, distribución, manufactura Barcelona, España :
Nombre del productor, publicador, distribuidor Clie,
Fecha de producción, publicación, distribución, manufactura, o copyright [2018]
264 #4 - PRODUCCIÓN, PUBLICACIÓN, DISTRIBUCIÓN, MANUFACTURA, Y COPYRIGHT
Fecha de producción, publicación, distribución, manufactura, o copyright ©2018
300 ## - DESCRIPCIÓN FÍSICA
Extensión 221 páginas
Dimensiones ;
336 ## - TIPO DE CONTENIDO
Término de tipo de contenido texto
Código de tipo de contenido txt
Fuente rdacontent
337 ## - TIPO DE MEDIO
Fuente rdamedia
Nombre del tipo de medio informático
Código del tipo de medio c
338 ## - TIPO DE SOPORTE
Fuente rdacarrier
Nombre del tipo de soporte remoto
Código Tipo de soporte cr
347 ## - CARACTERÍSTICAS DEL ARCHIVO DIGITAL
Fuente rda
Tipo de archivo fichero de texto
Formato de codificación PDF
490 ## - MENCIÓN DE SERIE
Mención de serie Ministerios cristianos
505 ## - NOTA DE CONTENIDO
Nota de contenido con formato preestablecido El oficio y ministerio de pastor. -- Necesidad del ministerio pastoral hoy. -- El pastorado, una tarea vocacional. -- Definiendo un perfil pastoral. -- Nuestro modelo: Jesús, el buen pastor. -- ¿Pastores y pastoras? -- El desafío ético: la ética cristiana. -- El desafío ético: los tiempos actuales. -- Compromiso político y social. Ecología. -- Predicador de la Palabra (lee, estudia, profundiza y vive). -- Visión, unción, promoción. -- Sabiduría y poder. -- El cuidado de uno mismo. -- Métodos y estrategias: misiones y misioneros. Relevancia social. -- Información y redes sociales. -- Empezar y terminar, tránsitos ministeriales.
506 ## - NOTA DE RESTRICCIONES DE ACCESO
Condiciones de acceso Solicitar clave y usuario para acceder al libro electrónico.
650 #7 - ASIENTO SECUNDARIO DE MATERIA - TERMINO TEMÁTICO
Término temático o nombre geográfico como elemento de entrada Religión
9 (RLIN) 385
650 #7 - ASIENTO SECUNDARIO DE MATERIA - TERMINO TEMÁTICO
Término temático o nombre geográfico como elemento de entrada Teología pastoral y unidad cristiana
Fuente del encabezamiento o término embne
9 (RLIN) 7183
653 ## - TÉRMINO DE INDIZACIÓN - NO CONTROLADO
Término no controlado Ministerio cristiano
653 ## - TÉRMINO DE INDIZACIÓN - NO CONTROLADO
Término no controlado Pastoral cristiana
653 ## - TÉRMINO DE INDIZACIÓN - NO CONTROLADO
Término no controlado Ministerio pastoral
653 ## - TÉRMINO DE INDIZACIÓN - NO CONTROLADO
Término no controlado Liderazgo eclesiástico
856 ## - LOCALIZACIÓN Y ACCESO ELECTRÓNICOS
Numero de Acceso 2155335
Identificador Uniforme del Recurso <a href="http://search.ebscohost.com/login.aspx?direct=true&scope=site&db=nlebk&db=nlabk&AN=2155335">http://search.ebscohost.com/login.aspx?direct=true&scope=site&db=nlebk&db=nlabk&AN=2155335</a>
Nota dirigida al público <a href="Abrir Versión electrónica del libro Pastores del siglo XXI : un modelo pastoral para la iglesia actual">Abrir Versión electrónica del libro Pastores del siglo XXI : un modelo pastoral para la iglesia actual</a>
942 ## - TIPO DE MATERIAL (KOHA)
Tipo de Item KOHA Libros General
945 ## - INFORMACIÓN LOCAL DEL REGISTRO
Catalogador JTF-925
Existencias
Estado de Material Estado de Perdido Forma de Clasificación Estado de Dañado No para Préstamo Colección Biblioteca de Origen Biblioteca Permanente Ubicación en Estantería Fecha de Adquisición Área Total de Préstamos Signatura Topográfica Código de Barras Última vez visto Ejemplar/Existencia Url Fecha de Remplazo Tipo de Material Nota Pública
    Dewey Decimal Classification     Colección Libros Electrónicos Biblioteca FUSBC Biblioteca FUSBC Libro electrónico 10/07/2025 TEOLOGÍA PASTORAL   EBSCO ID2155335 10/07/2025 Ej. 1 https://acortar.link/NbcQEE 10/07/2025 Libro electrónico LIBRO ELECTRÓNICO - Seguir el link de acceso

Biblioteca FUSBC | Teléfono: (57+4) 349 88 10 Ext. 141| WhatsApp (+57) 3005338115 
E-mail: biblioteca@unisbc.edu.co | Calle 76 87-14 Robledo Palenque, Medellín, Colombia

Con tecnología Koha